Normal view
MARC view
- UNIX SYSTEMS
Entry Topical Term
001 - CONTROL NUMBER
- control field: 63326
003 - CONTROL NUMBER IDENTIFIER
- control field: NUST
005 - DATE AND TIME OF LATEST TRANSACTION
- control field: 20210628203113.0
008 - FIXED-LENGTH DATA ELEMENTS
- fixed length control field: 210628|| aca||aabn | a|a d
040 ## - CATALOGING SOURCE
- Original cataloging agency: NUST
- Transcribing agency: NUST
150 ## - HEADING--TOPICAL TERM
- Topical term or geographic name entry element: UNIX SYSTEMS
670 ## - SOURCE DATA FOUND
- Source citation: Work cat.: (NUST): UNIX SYSTEM LABORATORY 63325, UNIX SYSTEM V-386 RELEASE 4, INTEGRATED SOFTWARE DEVELOPMENT GUIDE, 1990
